00486nam a2200157 a 450000100100000000500170001000800410002704000250006808200150009310000200010824500470012826000420017530000210021750000620023850400280030000004640220201002052838.0150807s1979 dr 000 0 spa d aDO-SdBNPbspacBNPHU axxxxbxxxx1 aSchwartz, Alain10aValorización del arte /cAlain Schwartz. aSanto Domingo :bAlfa y omega,c1979. a189 p. ;c21 cm. aIncluye datos del autor en la solapa de la contracubierta aBibliografía : p. 175